Komparácia akciových trhov vybraných krajín bakalárska práca

Enregistré dans:
Détails bibliographiques
Auteur principal: Čverhová, Juliána
Collectivité auteur: Národohospodárska fakulta EU. Katedra bankovníctva a medzinárodných financií
Autres auteurs: Dorocáková, Michaela
Format: Livre
Langue:slovaque
Publié: Bratislava 2018
Tags: Ajouter un tag
Pas de tags, Soyez le premier à ajouter un tag!

MARC

LEADER 00000nbm a2200000 4500
001 0245848
005 20181213104650.9
041 0 |a slo 
044 |a SK 
245 1 0 |a Komparácia akciových trhov vybraných krajín  |b bakalárska práca  |c Juliána Čverhová ; školiteľ: Michaela Dorocáková 
264 1 |a Bratislava  |c 2018 
300 |a 54 s. 
100 1 |a Čverhová, Juliána 
700 1 |a Dorocáková, Michaela 
710 2 |a Národohospodárska fakulta EU. Katedra bankovníctva a medzinárodných financií